Introduction to Mass communication theory (Record no. 2725)
[ view plain ]
| 000 -LEADER | |
|---|---|
| fixed length control field | 00313nam a22001337a 4500 |
| 020 ## - INTERNATIONAL STANDARD BOOK NUMBER | |
| International Standard Book Number | 9788131509722 |
| 082 ## - DEWEY DECIMAL CLASSIFICATION NUMBER | |
| Classification number | 001.51 |
| 100 ## - MAIN ENTRY--PERSONAL NAME | |
| Personal name | Stanley J. Baran |
| 245 ## - TITLE STATEMENT | |
| Title | Introduction to Mass communication theory |
| 250 ## - EDITION STATEMENT | |
| Edition statement | 5th ed. |
| 260 ## - PUBLICATION, DISTRIBUTION, ETC. | |
| Place of publication, distribution, etc. | Andover |
| Name of publisher, distributor, etc. | Cengage learning |
| Date of publication, distribution, etc. | 2012 |
| 300 ## - PHYSICAL DESCRIPTION | |
| Extent | 312p |
| 942 ## - ADDED ENTRY ELEMENTS (KOHA) | |
| Koha item type | Book |
| Withdrawn status | Lost status | Source of classification or shelving scheme | Damaged status | Not for loan | Permanent Location | Current Location | Shelving location | Date acquired | Total Checkouts | Full call number | Barcode | Date last seen | Date last checked out | Price effective from | Koha item type |
|---|---|---|---|---|---|---|---|---|---|---|---|---|---|---|---|
| Central Library (CL) | Central Library (CL) | General Stacks | 03/16/2016 | 1 | 302.22 BAR | S3H-S-202 | 09/08/2020 | 10/10/2018 | 11/18/2016 | Book | |||||
| Central Library (CL) | Central Library (CL) | General Stacks | 08/04/2016 | 2 | 302.22 BAR | S3H-N-1602 | 02/01/2024 | 01/02/2024 | 08/04/2016 | Book |
